[Event "JmK KP I 23-24 Univerzita B - Veseli nM"]
[Site "?"]
[Date "2024.02.04"]
[Round "38.2"]
[White "Symersky, Petr"]
[Black "Hladik, Josef"]
[Result "1/2-1/2"]
[WhiteElo "2087"]
[BlackElo "2011"]
[PlyCount "21"]

1. Nf3 d5 2. d4 e6 3. c4 c6 4. Nbd2 f5 5. g3 Nf6 6. Bg2 Be7 7. O-O O-O 8. b3
Ne4 9. Ne5 Nxd2 10. Qxd2 Nd7 11. Bb2 1/2-1/2

[Event "JmK KP I 23-24 Univerzita B - Veseli nM"]
[Site "?"]
[Date "2024.02.04"]
[Round "38.3"]
[White "Uhmann, Jan"]
[Black "Skalka, Jan"]
[Result "1-0"]
[WhiteElo "1920"]
[BlackElo "1953"]
[PlyCount "103"]

1. e4 c5 2. Nf3 Nc6 3. d4 cxd4 4. Nxd4 g6 5. Be3 Bg7 6. Nc3 Nf6 7. Qd2 O-O 8.
Be2 d5 9. Nxc6 bxc6 10. e5 Ne8 11. Bh6 f6 12. Bxg7 Kxg7 13. h4 fxe5 14. h5 Nf6
15. hxg6 hxg6 16. Qg5 Rh8 17. Rxh8 Qxh8 18. Qxe5 Qh1+ 19. Kd2 Qxa1 20. Qxe7+
Kg8 21. Qxf6 Qxb2 22. Qxg6+ Kf8 23. Qf6+ Kg8 24. Bh5 Qb7 25. Be8 Qg7 26. Qxg7+
Kxg7 27. Bxc6 Rb8 28. Bxd5 Bf5 29. Bb3 Rd8+ 30. Ke3 Re8+ 31. Kd4 Bg6 32. f3
Rd8+ 33. Nd5 a5 34. c4 Bf7 35. g4 Kg6 36. f4 Be8 37. Ke5 Bd7 38. Bc2+ Kg7 39.
g5 Re8+ 40. Kd6 Re2 41. Bb3 Be8 42. c5 a4 43. Bc4 Rc2 44. Ne3 Rc3 45. Nf5+ Kf8
46. Bd5 Bf7 47. Ne7 Bxd5 48. Nxd5 Ra3 49. Nb4 Rf3 50. c6 Rxf4 51. c7 Rc4 52.
Nc6 1-0

[Event "JmK KP I 23-24 Univerzita B - Veseli nM"]
[Site "?"]
[Date "2024.02.04"]
[Round "38.4"]
[White "Vrtal, Jaroslav"]
[Black "Navratil, Jiri"]
[Result "1/2-1/2"]
[WhiteElo "1956"]
[BlackElo "1974"]
[PlyCount "53"]

1. d4 d5 2. Nf3 Nf6 3. e3 e6 4. Nbd2 Be7 5. Bd3 O-O 6. O-O b6 7. e4 dxe4 8.
Nxe4 Nbd7 9. c3 Bb7 10. Nxf6+ Nxf6 11. Bf4 Rc8 12. Qe2 c5 13. dxc5 Bxc5 14.
Rad1 Qe8 15. Bg5 Qa4 16. Ne5 Rcd8 17. b3 Qe8 18. Bb5 Qe7 19. Ng4 Rxd1 20. Rxd1
Rd8 21. Bd3 Rd5 22. h4 Qd8 23. Nxf6+ gxf6 24. Bh6 f5 25. g3 Qf6 26. c4 Rd7 27.
Bc1 1/2-1/2

[Event "JmK KP I 23-24 Univerzita B - Veseli nM"]
[Site "?"]
[Date "2024.02.04"]
[Round "38.5"]
[White "Riha, Otmar"]
[Black "Krizek, Frantisek"]
[Result "1/2-1/2"]
[WhiteElo "1924"]
[BlackElo "1938"]
[PlyCount "29"]

1. e4 c6 2. Nc3 d5 3. Nf3 Nf6 4. e5 Ne4 5. Ne2 Bg4 6. d4 c5 7. h3 Bh5 8. Nf4
Bg6 9. dxc5 e6 10. Be3 Bxc5 11. Bxc5 Nxc5 12. Nxg6 hxg6 13. Bb5+ Nc6 14. O-O
O-O 15. Re1 1/2-1/2

[Event "JmK KP I 23-24 Univerzita B - Veseli nM"]
[Site "?"]
[Date "2024.02.04"]
[Round "38.6"]
[White "Pistek, Jan"]
[Black "Sebek, Jan"]
[Result "1-0"]
[WhiteElo "1841"]
[BlackElo "1857"]
[PlyCount "71"]

1. e4 c5 2. c3 d5 3. exd5 Qxd5 4. d4 Nf6 5. Nf3 Bg4 6. Be2 e6 7. O-O Nc6 8. Be3
cxd4 9. cxd4 a6 10. Nc3 Qa5 11. a3 Bd6 12. h3 Bh5 13. b4 Qd8 14. Qd2 Rc8 15.
Rac1 O-O 16. Rfd1 Bb8 17. Bg5 Qd6 18. g3 Nd5 19. Ne4 Qc7 20. Nc5 Rce8 21. g4
Bg6 22. b5 axb5 23. Bxb5 f6 24. Be3 f5 25. Qe2 fxg4 26. hxg4 Nxe3 27. Qxe3 Rf4
28. Ne5 Rf6 29. Nxb7 Qxb7 30. Bxc6 Qe7 31. Bxe8 Bxe8 32. Nc6 Bxc6 33. Rxc6 Bf4
34. Rc8+ Kf7 35. Qe4 Qb7 36. Qxb7+ 1-0

[Event "JmK KP I 23-24 Univerzita B - Veseli nM"]
[Site "?"]
[Date "2024.02.04"]
[Round "38.7"]
[White "Borovsky, Adam"]
[Black "Uricar, Zdenek"]
[Result "1/2-1/2"]
[WhiteElo "1875"]
[BlackElo "1871"]
[PlyCount "30"]

1. c4 Nf6 2. Nf3 c5 3. Nc3 Nc6 4. d4 cxd4 5. Nxd4 g6 6. e4 d6 7. Be2 Bg7 8. Be3
O-O 9. O-O Bd7 10. Qd2 Nxd4 11. Bxd4 Bc6 12. f3 Nd7 13. Rfd1 Bxd4+ 14. Qxd4 a5
15. b3 Qb6 1/2-1/2

[Event "Jm KP I 23-24 Kurim A-Jundrov C"]
[Site "Kurim"]
[Date "2024.02.04"]
[Round "39.1"]
[White "Majer, Jiri"]
[Black "Slepov, Cyril"]
[Result "0-1"]
[WhiteElo "2176"]
[BlackElo "2159"]
[PlyCount "72"]

1. e4 e5 2. Nf3 Nc6 3. Nc3 Nf6 4. d4 exd4 5. Nxd4 Bb4 6. Nxc6 bxc6 7. Bd3 d5 8.
exd5 O-O 9. O-O Bg4 10. f3 Bh5 11. Bg5 Bxc3 12. bxc3 cxd5 13. Re1 Qd6 14. Qd2
Bg6 15. Rab1 Rfe8 16. a4 c6 17. Bxg6 hxg6 18. Qd4 c5 19. Qf4 Qc6 20. Rxe8+ Nxe8
21. Be7 Rc8 22. Qe3 Qxa4 23. Bxc5 a5 24. Qe7 Qxc2 25. Re1 Nf6 26. Qa7 Qxc3 27.
Bf2 Qd2 28. h3 Rc2 29. Qb8+ Kh7 30. Qg3 a4 31. Be3 Nh5 32. Bxd2 Nxg3 33. Bb4
Ne2+ 34. Kf1 Nf4 35. Bd6 Nxg2 36. Re7 d4 0-1

[Event "Jm KP I 23-24 Kurim A-Jundrov C"]
[Site "Kurim"]
[Date "2024.02.04"]
[Round "39.2"]
[White "Masak, Pavel"]
[Black "Nemec, David"]
[Result "1/2-1/2"]
[WhiteElo "2066"]
[BlackElo "2065"]
[PlyCount "33"]

1. d4 Nf6 2. Nf3 e6 3. g3 d5 4. Bg2 c5 5. O-O Nc6 6. b3 cxd4 7. Nxd4 Bc5 8. Bb2
O-O 9. e3 Qe7 10. Nd2 e5 11. Nxc6 bxc6 12. c4 Ba6 13. Qc2 e4 14. Rfd1 Rac8 15.
a3 Bd6 16. Qc3 Rfe8 17. Qa5 1/2-1/2

[Event "Jm KP I 23-24 Kurim A-Jundrov C"]
[Site "Kurim"]
[Date "2024.02.04"]
[Round "39.3"]
[White "Pavlik, Vladimir"]
[Black "Ruzicka, Frantisek"]
[Result "1-0"]
[WhiteElo "1984"]
[BlackElo "2020"]
[PlyCount "119"]

1. e4 c5 2. c3 e6 3. d4 d5 4. exd5 exd5 5. Nf3 Nf6 6. Bd3 Be7 7. O-O O-O 8. h3
Nc6 9. Re1 Re8 10. a3 h6 11. dxc5 Bxc5 12. b4 Bb6 13. b5 $6 13... Rxe1+ 14.
Qxe1 Na5 15. Nbd2 Qd6 16. Bb2 $4 16... Bd7 17. Rd1 $4 17... Bxh3 $3 18. Qe5
18... Bxf2+ $3 19. Kf1 19... Qd7 $6 20. Qf4 $6 20... Bb6 21. c4 21... Ne4 $4
22. Nxe4 dxe4 23. Qxe4 f5 24. Qh4 Bg4 25. c5 $1 25... Bd8 26. Qf2 $2 26... Qf7
27. Bc3 $6 27... Qb3 $2 28. Qc2 $1 28... Qxc2 $2 29. Bxc2 Kf8 30. Rxd8+ $3
30... Rxd8 31. Bxa5 Rd5 32. Bb4 Ke8 33. Kf2 $6 33... g5 $6 34. Bb3 Rd3 35. Bc4
Rd1 36. Ne5 Bh5 37. Be6 $6 37... f4 $6 38. c6 bxc6 39. bxc6 Rc1 40. Bd7+ Kd8
41. Ba5+ Ke7 42. c7 Kd6 43. c8=Q Rxc8 44. Bxc8 Kxe5 45. Bc3+ Ke4 46. Bg7 g4 47.
Bxh6 g3+ 48. Ke1 Ke3 49. Ba6 Bf3 50. gxf3 g2 51. Bxf4+ $1 51... Kxf4 52. Kf2 $1
52... g1=Q+ 53. Kxg1 Kxf3 54. Kf1 Ke3 55. Ke1 Kd4 56. Kd2 Kc5 57. Kc3 Kb6 58.
Bc4 Kc5 59. Be2 Kb6 60. Kb4 {Hra mohla pokraAe ovat...} (60. Kb4 Kc6 61. Ka5
Kd5 62. Ka6 Kd4 63. Bd1 Kc3 64. Kxa7 {+35.8}) 1-0

[Event "Jm KP I 23-24 Kurim A-Jundrov C"]
[Site "?"]
[Date "2024.02.04"]
[Round "39.5"]
[White "Habina, Martin"]
[Black "Sipek, Oldrich"]
[Result "1/2-1/2"]
[WhiteElo "2006"]
[BlackElo "1888"]
[PlyCount "23"]
[EventDate "4.02.28"]

1. e4 c5 2. d4 cxd4 3. c3 dxc3 4. Nxc3 Nc6 5. Nf3 d6 6. Bc4 Nf6 7. e5 dxe5 8.
Qxd8+ Nxd8 9. Nb5 Rb8 10. Nxe5 e6 11. Nxa7 Bb4+ 12. Ke2 1/2-1/2

[Event "Jm KP I 23-24 Kurim A-Jundrov C"]
[Site "Kurim"]
[Date "2024.02.04"]
[Round "39.6"]
[White "Tioka, Zdenek"]
[Black "Pokorny, Petr"]
[Result "1/2-1/2"]
[WhiteElo "1935"]
[BlackElo "2152"]
[PlyCount "69"]

1. e4 g6 2. d4 Bg7 3. Be3 c5 4. c3 cxd4 5. Bxd4 Nf6 6. e5 Nh5 7. Nf3 Nc6 8. Qd2
Nxd4 9. cxd4 d6 10. Bb5+ Bd7 11. Bxd7+ Qxd7 12. h3 dxe5 13. dxe5 Qxd2+ 14.
Nbxd2 Nf4 15. g3 Nd3+ 16. Ke2 Nxe5 17. Nxe5 Bxe5 18. Nc4 Bf6 19. Rab1 O-O 20.
Rhd1 Rfd8 21. b3 b6 22. Rbc1 Kf8 23. Ne3 Rxd1 24. Nxd1 Be5 25. f4 Bd6 26. Nf2
Ke8 27. Ne4 Kd7 28. Kd3 h6 29. Kd4 {Nd8  Rc2} 29... Ba3 30. Ke3 30... Rc8 {
Nxe8  Kxe8} 31. Nc3 {Kd7  Ke4} 31... Bd6 32. g4 Kc6 33. f5 g5 34. Kd4 b5 35.
Ne4+ {Bc7  Nc3  Bb6  Ke5  Bc7  Kd4  a6  Ne4  Bf4  Ne3  Bc1  Nd5  Bb2  Ke4  Kd6
Nb4  a5  Nd3  Bc3  Nc1  a4  Nd3  axb3  axb3  Kc6  Nc1  Kd6} 1/2-1/2

[Event "Jm KP I 23-24 Kurim A-Jundrov C"]
[Site "Kurim"]
[Date "2024.02.04"]
[Round "39.7"]
[White "Krena, Bohuslav"]
[Black "Blata, Frantisek"]
[Result "1/2-1/2"]
[WhiteElo "1895"]
[BlackElo "1826"]
[PlyCount "23"]

1. c4 e5 2. Nc3 Nf6 3. Nf3 Nc6 4. g3 Bb4 5. Nd5 Bc5 6. d3 h6 7. Bg2 O-O 8. O-O
d6 9. Nxf6+ Qxf6 10. Bd2 a5 11. Bc3 a4 12. Nd2 1/2-1/2

[Event "Jm KP I 23-24 Kurim A-Jundrov C"]
[Site "MyTown"]
[Date "2024.02.04"]
[Round "39.8"]
[White "Tovarek, Antonin"]
[Black "Horak, Bronislav"]
[Result "0-1"]
[WhiteElo "1829"]
[BlackElo "1898"]
[PlyCount "100"]
[EventDate "2018.??.??"]

1. e4 d6 2. d4 Nf6 3. Nc3 g6 4. f4 Bg7 5. Nf3 O-O 6. h3 c6 7. Be3 Nbd7 8. Qd2
b5 9. Bd3 a5 10. e5 Ne8 11. O-O Nb6 12. Qe2 d5 13. b3 f5 14. Bf2 Nc7 15. Be3 h6
16. Nh4 Qe8 17. g4 Kh8 18. Qg2 Qf7 19. gxf5 Bxf5 20. Bxf5 gxf5 21. Ng6+ Kh7 22.
Nxf8+ Rxf8 23. Kh2 Ne6 24. Rg1 Nd7 25. Qf2 Rg8 26. Ne2 Ndf8 27. Bd2 Qh5 28. Rg2
Nd7 29. Bxa5 c5 30. c3 Ra8 31. b4 cxd4 32. cxd4 Rc8 33. Rc1 Rxc1 34. Nxc1 Qd1
35. Nb3 Ndf8 36. Qg3 Qf1 37. Bd8 Qxf4 38. Qxf4 Nxf4 39. Rf2 Nd3 40. Rxf5 Ng6
41. a3 Kg8 42. Rf3 Ne1 43. Rc3 Nxe5 44. Bxe7 N5f3+ 45. Kg3 Nxd4 46. Nxd4 Bxd4
47. Rb3 Kf7 48. Bc5 Be5+ 49. Kg4 Kg6 50. Re3 h5+ 0-1

[Event "Jm KP I 23-24 Kurim B - Loko Brno B"]
[Site "Kurim"]
[Date "2024.02.04"]
[Round "40.1"]
[White "Soucek, Andrej"]
[Black "Buchta, Vaclav"]
[Result "0-1"]
[WhiteElo "1715"]
[BlackElo "2110"]
[PlyCount "42"]

1. e4 e5 2. Nf3 Nc6 3. Bb5 a6 4. Ba4 d6 5. O-O Bd7 6. c3 Nf6 7. Re1 g6 8. d4
Bg7 9. h3 O-O 10. Nbd2 Qe8 11. Bc2 Kh8 12. Nf1 Nh5 13. Ne3 f5 14. exf5 gxf5 15.
dxe5 dxe5 16. Nh4 Rd8 17. Bb1 e4 18. Qc2 Ne5 19. Nd5 Nd3 20. Qxd3 exd3 21. Rxe8
Bxe8 0-1

[Event "Jm KP I 23-24 Kurim B - Loko Brno B"]
[Site "Kurim"]
[Date "2024.02.04"]
[Round "40.3"]
[White "Bocek, Tadeas"]
[Black "Sladek, Vladislav"]
[Result "1/2-1/2"]
[WhiteElo "1851"]
[BlackElo "1891"]
[PlyCount "20"]

1. d4 c5 2. e3 d5 3. Nf3 Nf6 4. b3 Nc6 5. Nbd2 Bg4 6. Be2 e6 7. h3 Bh5 8. O-O
Rc8 9. Bb2 Be7 10. c4 cxd4 1/2-1/2

[Event "Jm KP I 23-24 Kurim B - Loko Brno B"]
[Site "Kurim"]
[Date "2024.02.04"]
[Round "40.4"]
[White "Marsa, Alexandr"]
[Black "Kudla, Vladimir"]
[Result "1/2-1/2"]
[WhiteElo "1934"]
[BlackElo "1880"]
[PlyCount "63"]

1. d4 Nf6 2. c4 e6 3. Nc3 Bb4 4. Qb3 Bxc3+ 5. Qxc3 b6 6. Bg5 Bb7 7. f3 h6 8.
Bh4 d5 9. cxd5 exd5 10. Rc1 c6 11. e3 O-O 12. Bd3 Re8 13. Bb1 Qe7 14. Bf2 Nbd7
15. Ne2 Rac8 16. O-O c5 17. Ng3 g6 18. Rfe1 Qd6 19. Qa3 Qb8 20. e4 dxe4 21.
fxe4 cxd4 22. Rxc8 Rxc8 23. Bxd4 Re8 24. Qc3 Ne5 25. a3 Nfd7 26. Ba2 Kg7 27.
Bd5 f6 28. Bxb7 Qxb7 29. Rc1 Re7 30. Qc7 Nc5 31. Qxb7 Nxb7 32. Bxe5 1/2-1/2

[Event "Jm KP I 23-24 Kurim B - Loko Brno B"]
[Site "Kurim"]
[Date "2024.02.04"]
[Round "40.5"]
[White "Pesl, Jan"]
[Black "Perutka, Tomas"]
[Result "0-1"]
[WhiteElo "1777"]
[BlackElo "1735"]
[PlyCount "68"]

1. e4 e6 2. d4 d5 3. Nd2 c5 4. exd5 exd5 5. Bb5+ Nc6 6. Ngf3 cxd4 7. Nxd4 Bd7
8. Bxc6 bxc6 9. O-O Bd6 10. Re1+ Ne7 11. N2f3 O-O 12. Bg5 Re8 13. Qd2 Qb6 14.
c3 a5 15. Be3 c5 16. Ne2 Qb7 17. Bf4 Ra6 18. Rad1 Ng6 19. Bxd6 Rxd6 20. c4 d4
21. Qxa5 Rde6 22. Ng3 Rxe1+ 23. Rxe1 Rxe1+ 24. Nxe1 Qxb2 25. Ne4 d3 26. h4 Qe2
27. Ng3 Qd1 28. Kh2 d2 29. Nf3 Qxf3 30. gxf3 d1=Q 31. h5 Nf8 32. Qxc5 Qxf3 33.
Qe3 Qxe3 34. fxe3 Be6 0-1

[Event "Jm KP I 23-24 Kurim B - Loko Brno B"]
[Site "Kurim"]
[Date "2024.02.04"]
[Round "40.6"]
[White "Lisik, Miroslav"]
[Black "Krupica, Ales"]
[Result "1-0"]
[WhiteElo "1779"]
[BlackElo "1745"]
[PlyCount "85"]

1. e4 c5 2. Nf3 Nc6 3. d4 cxd4 4. Nxd4 g6 5. Nc3 Bg7 6. Be3 Nf6 7. Bc4 O-O 8.
Bb3 d6 9. f3 Nd7 10. Qd2 Qa5 11. O-O-O Nc5 12. Kb1 Nxd4 13. Bxd4 Nxb3 14. axb3
Bxd4 15. Qxd4 Be6 16. h4 h5 17. Nd5 Bxd5 18. exd5 Rac8 19. g4 e5 20. dxe6 fxe6
21. Qxd6 Rc6 22. Qe7 Ra6 23. c3 hxg4 24. fxg4 Qa1+ 25. Kc2 Rf2+ 26. Kd3 Qa5 27.
Ke3 Rf7 28. Qd8+ Qxd8 29. Rxd8+ Kg7 30. Rhd1 Rb6 31. b4 a5 32. R8d6 Rxd6 33.
Rxd6 axb4 34. Rxe6 bxc3 35. bxc3 Rc7 36. Kd4 Kf7 37. Rb6 Rd7+ 38. Kc5 Kg7 39.
c4 Re7 40. Kd6 Rf7 41. c5 Kh7 42. Rb4 Kg7 43. Re4 1-0

[Event "Jm KP I 23-24 Kurim B - Loko Brno B"]
[Site "Kurim"]
[Date "2024.02.04"]
[Round "40.8"]
[White "Stoudek, Michal"]
[Black "Svoboda, Filip"]
[Result "1/2-1/2"]
[WhiteElo "1437"]
[BlackElo "1477"]
[PlyCount "59"]

1. c4 c6 2. d4 d5 3. Nc3 e6 4. Bf4 Nf6 5. h3 Nbd7 6. e3 Be7 7. Nf3 O-O 8. cxd5
exd5 9. Be2 Re8 10. O-O Nf8 11. Qc2 Ng6 12. Bh2 Bd6 13. Rfe1 Qc7 14. Rac1 Bxh2+
15. Nxh2 Qd6 16. Nf3 Bd7 17. a3 Rac8 18. b4 Ne4 19. Qb3 Qf6 20. Nxe4 dxe4 21.
Nh2 Qg5 22. Rc5 Qd8 23. Bg4 Bxg4 24. Nxg4 b6 25. Rc2 h5 26. Nh2 Qg5 27. Nf1 Nh4
28. Ng3 Nxg2 29. Kxg2 h4 30. Rf1 1/2-1/2

[Event "Jm KP I 23-24 Hodonin-Duras Brno B"]
[Site "Sportklub Hodonin"]
[Date "2024.02.04"]
[Round "41.1"]
[White "Havelka, Ondrej"]
[Black "Vyskocil, Neklan"]
[Result "1-0"]
[WhiteElo "2181"]
[BlackElo "2300"]
[PlyCount "63"]

{255MB} 1. d4 1... Nf6 2. c4 e6 3. Nc3 d5 4. Bg5 Be7 5. e3 O-O 6. Nf3 Nbd7 7.
Rc1 a6 8. cxd5 exd5 9. Bd3 c6 10. O-O Re8 11. Qc2 Nf8 12. Bf4 Ng6 13. Bg3 Bd6
14. Nd2 Bxg3 15. hxg3 Ng4 16. b4 Qg5 17. Nf3 Qh5 18. e4 dxe4 19. Nxe4 Be6 20.
Rfe1 Bd5 21. Bc4 a5 22. Neg5 h6 23. Bxd5 hxg5 24. Bb3 axb4 25. Qc5 Nf8 26. Qxb4
Rab8 27. Rc5 Nh7 28. Rf5 Nhf6 29. Rxe8+ Rxe8 30. Rxg5 Qh7 31. Bxf7+ Kxf7 32.
Rxg4 1-0

[Event "Jm KP I 23-24 Hodonin-Duras Brno B"]
[Site "Sportklub Hodonin"]
[Date "2024.02.04"]
[Round "41.2"]
[White "Glozar, Petr"]
[Black "Pesak, Roman"]
[Result "1-0"]
[WhiteElo "2141"]
[BlackElo "1915"]
[PlyCount "51"]

{255MB} 1. Nf3 1... d5 2. c4 e6 3. e3 Nf6 4. b3 b6 5. Bb2 Bb7 6. Be2 Bd6 7. O-O
O-O 8. Ne5 Nfd7 9. f4 f6 10. Ng4 Qe7 11. Bf3 c6 12. Qe1 Kh8 13. h4 e5 14. fxe5
Nxe5 15. Nxe5 Bxe5 16. Bxe5 fxe5 17. d4 e4 18. Bg4 Nd7 19. Nd2 Rxf1+ 20. Nxf1
Nf6 21. Qg3 Rf8 22. Nh2 Ba6 23. Be2 Qf7 24. Qd6 Ne8 25. Qa3 Rg8 26. Qxa6 1-0

[Event "Jm KP I 23-24 Hodonin-Duras Brno B"]
[Site "Sportklub Hodonin"]
[Date "2024.02.04"]
[Round "41.3"]
[White "Provaznik, Michal"]
[Black "Novy, Martin"]
[Result "1-0"]
[WhiteElo "2076"]
[BlackElo "2083"]
[PlyCount "85"]

{255MB} 1. e4 1... Nf6 2. e5 Nd5 3. Bc4 e6 4. d4 d6 5. Nf3 Nc6 6. O-O dxe5 7.
dxe5 Nb6 8. Bd3 Nb4 9. Be4 Qxd1 10. Rxd1 N4d5 11. b3 f5 12. exf6 Nxf6 13. Bd3
Bd6 14. Nc3 Bd7 15. Nb5 O-O-O 16. Nxd6+ cxd6 17. Ng5 Rdf8 18. Ba3 Kc7 19. c4 h6
20. Nf3 Rd8 21. c5 dxc5 22. Ne5 Be8 23. Bxc5 Rd5 24. Rac1 Rxe5 25. Bf8+ Bc6 26.
Bxg7 Rg8 27. Bxf6 Ra5 28. Be4 Nd5 29. Be5+ Kc8 30. Rd2 Nc7 31. Bg3 Rg7 32. Bxc6
bxc6 33. Rxc6 Kb7 34. Rdc2 Nd5 35. a4 Rd7 36. Kf1 e5 37. R6c5 Ra6 38. Rb5+ Rb6
39. Rxb6+ axb6 40. Bxe5 Nb4 41. Rc4 Nd3 42. Bd4 Re7 43. Be3 1-0

[Event "Jm KP I 23-24 Hodonin-Duras Brno B"]
[Site "Sportklub Hodonin"]
[Date "2024.02.04"]
[Round "41.4"]
[White "Kredl, Karel"]
[Black "Travnicek, Petr"]
[Result "1-0"]
[WhiteElo "2061"]
[BlackElo "2078"]
[PlyCount "81"]

{255MB} 1. e4 {[%emt 0:00:00]} 1... c5 2. Nf3 Nc6 3. c3 d5 4. exd5 Qxd5 5. d4
Bg4 6. Be2 cxd4 7. cxd4 e6 8. Nc3 Qd6 9. O-O Nf6 10. h3 Bh5 11. Be3 Be7 12. a3
O-O 13. Qb3 Rac8 14. Rfd1 Nd5 15. Nxd5 exd5 16. g4 Bg6 17. Ne5 Bc2 18. Qxc2
Nxd4 19. Qd3 Nxe2+ 20. Qxe2 Qxe5 21. Qb5 Bd6 22. Qxd5 Qh2+ 23. Kf1 Qxh3+ 24.
Qg2 Qxg2+ 25. Kxg2 Be5 26. Bxa7 Bxb2 27. Ra2 Be5 28. Rd7 Rc7 29. Rxc7 Bxc7 30.
Rb2 Bd6 31. a4 Ra8 32. Rxb7 Kf8 33. a5 Ke8 34. a6 h6 35. Kf3 g6 36. Ke4 Kf8 37.
Kd5 Bf4 38. Bc5+ Kg8 39. a7 Rc8 40. Bd6 Rd8 41. Rb8 1-0

[Event "Jm KP I 23-24 Hodonin-Duras Brno B"]
[Site "Sportklub Hodonin"]
[Date "2024.02.04"]
[Round "41.5"]
[White "Skocik, Marek"]
[Black "Chmelicek, Bronislav"]
[Result "1-0"]
[WhiteElo "1930"]
[BlackElo "1856"]
[PlyCount "97"]

{255MB} 1. e4 1... c6 2. d4 d5 3. Nc3 dxe4 4. Nxe4 Nd7 5. Bc4 Ngf6 6. Ng5 e6 7.
Qe2 Nb6 8. Bb3 a5 9. c3 a4 10. Bc2 h6 11. Ne4 Nxe4 12. Qxe4 Qd5 13. Nf3 Qxe4+
14. Bxe4 c5 15. Bf4 Nd7 16. O-O-O cxd4 17. Nxd4 Bc5 18. Nb5 O-O 19. Bd6 Bxd6
20. Nxd6 Nc5 21. Bf3 Rb8 22. Rd4 b6 23. Rhd1 Ba6 24. Kc2 b5 25. Ne4 Nxe4 26.
Bxe4 Bb7 27. Bxb7 Rxb7 28. Rd7 Rfb8 29. R1d4 Kf8 30. Rxb7 Rxb7 31. c4 bxc4 32.
Rxc4 Ra7 33. Kc3 e5 34. Kb4 Rd7 35. Kxa4 Rd2 36. Ka3 Rxf2 37. b4 Rxg2 38. b5
Rg6 39. Kb4 f5 40. a4 e4 41. a5 e3 42. b6 Rg1 43. Rc5 Rb1+ 44. Kc4 Rc1+ 45. Kd3
Rxc5 46. b7 Rb5 47. a6 Rb3+ 48. Ke2 f4 49. a7 1-0

[Event "Jm KP I 23-24 Hodonin-Duras Brno B"]
[Site "Sportklub Hodonin"]
[Date "2024.02.04"]
[Round "41.6"]
[White "Barak, David"]
[Black "Vlcko, Tomas"]
[Result "1/2-1/2"]
[WhiteElo "2133"]
[BlackElo "1865"]
[PlyCount "83"]

{255MB} 1. d4 1... f5 2. Nc3 Nf6 3. f3 d5 4. Bf4 e6 5. e3 Bd6 6. Nh3 O-O 7. Nb5
Bxf4 8. exf4 c5 9. dxc5 a6 10. Nd4 Qa5+ 11. c3 Qxc5 12. Be2 Re8 13. O-O e5 14.
fxe5 Rxe5 15. Kh1 Nc6 16. Re1 Bd7 17. Nb3 Qe7 18. Bf1 Re8 19. Rxe5 Qxe5 20. Qd2
h6 21. Rd1 Qe3 22. Nf4 Qxd2 23. Rxd2 g5 24. Nd3 Ne5 25. Nxe5 Rxe5 26. Kg1 f4
27. Kf2 Kf8 28. Nc5 Bc6 29. Nd3 Re3 30. Nb4 a5 31. Nc2 Re5 32. Nd4 Bd7 33. Bd3
Ne8 34. Nb3 b6 35. Nd4 Nd6 36. Rd1 Re3 37. Be2 Re5 38. Rd2 Ke7 39. Bf1 Nf5 40.
Nxf5+ Rxf5 41. Rd4 Kd6 42. Be2 1/2-1/2

[Event "Jm KP I 23-24 Hodonin-Duras Brno B"]
[Site "Sportklub Hodonin"]
[Date "2024.02.04"]
[Round "41.7"]
[White "Taptic, Filip"]
[Black "Hyrs, Martin"]
[Result "1/2-1/2"]
[WhiteElo "1840"]
[BlackElo "1824"]
[PlyCount "41"]

{255MB} 1. e4 {[%emt 0:00:00]} 1... e5 2. f4 exf4 3. Nf3 d5 4. exd5 Nf6 5. Bc4
Bd6 6. O-O O-O 7. d4 c6 8. dxc6 Nxc6 9. Nc3 a6 10. a4 Bg4 11. Nd5 Rc8 12. Nxf4
Nxd4 13. Bd3 Qc7 14. c3 Bxf3 15. gxf3 Bxf4 16. cxd4 Bxh2+ 17. Kh1 Bf4 18. Bd2
Nh5 19. Rg1 Qd7 20. Rg4 Bxd2 21. Qxd2 1/2-1/2

[Event "Jm KP I 23-24 Hodonin-Duras Brno B"]
[Site "Sportklub Hodonin"]
[Date "2024.02.04"]
[Round "41.8"]
[White "Fojt, Leos"]
[Black "Ling, Bronislav"]
[Result "0-1"]
[WhiteElo "1730"]
[BlackElo "1761"]
[PlyCount "74"]

{255MB} 1. Nc3 1... Nf6 2. e4 d6 3. f4 g6 4. Nf3 Bg7 5. Bc4 c6 6. e5 dxe5 7.
Nxe5 O-O 8. d4 Nbd7 9. O-O Nb6 10. Bb3 a5 11. a4 Nbd5 12. Nxd5 cxd5 13. c3 Bf5
14. g4 Be4 15. Bc2 Bxc2 16. Qxc2 Qc8 17. Qg2 Ne4 18. f5 f6 19. Nd3 e6 20. fxe6
Qxe6 21. Nf4 Qc6 22. Re1 Rae8 23. Nd3 Re6 24. Bf4 Rfe8 25. h4 Bf8 26. g5 Bd6
27. gxf6 Bxf4 28. f7+ Kxf7 29. Nxf4 Rf6 30. Nd3 Kg7 31. Ne5 Qc8 32. Re2 Ref8
33. Nd3 Qf5 34. Rd1 Qh5 35. Rde1 Qxh4 36. c4 Rf3 37. Re3 Ng5 0-1

[Event "Jm KP I 23-24 Rudice-Letovice"]
[Site "?"]
[Date "2024.02.04"]
[Round "42.1"]
[White "Rada, Michal"]
[Black "Sevcik, Leos"]
[Result "0-1"]
[WhiteElo "2088"]
[BlackElo "1962"]
[PlyCount "86"]
[EventDate "2023.10.22"]

1. e4 d5 2. exd5 Qxd5 3. Nc3 Qa5 4. d4 c6 5. Bc4 e6 6. Nf3 Nf6 7. Bd2 Qc7 8.
Qe2 Be7 9. Ne5 O-O 10. O-O-O b5 11. Bd3 a5 12. Bf4 Qb6 13. Ne4 Nbd7 14. Nxd7
Bxd7 15. Be5 Nd5 16. Qh5 f5 17. Ng5 h6 18. Qg6 (18. Nf3 Bf6 19. Bxf6 Be8 20.
Qh4 Rxf6 21. a3 b4 22. a4 Rc8 23. Bc4 c5 24. Rhg1 Qc7 25. dxc5 Qxc5 26. Bb3 Nb6
27. Qd4 Bxa4 28. Qxc5 Rxc5 29. Bxa4 Nxa4 30. Rd8+ Kh7 31. Re1) 18... Bxg5+ 19.
f4 Bxf4+ 20. Kb1 (20. Bxf4 Nxf4 21. Qg3 Nxd3+ 22. Rxd3 f4 23. Qf3 Qb8 24. Rg1
Rf7 25. a3 Qd6 26. Re1 Rf5 27. Re4 Qd5 28. Kb1 Be8 29. Rxf4 Rxf4 30. Qxf4 Bg6
31. Rd2 Rf8) 20... Bxe5 21. dxe5 Qe3 (21... a4 22. Be2 a3 23. Rd3 Nf4 24. Qg3
Nxe2 25. Qe1 axb2 26. Qxe2 Qa7 27. a3 b4 28. Kxb2 c5 29. Rg3 bxa3+ 30. Ka1 Bc6
31. Rd1 Bd5 32. Rxd5 exd5 33. Qd2 f4 34. Qxd5+ Qf7 35. Qxf7+ Rxf7 36. Rf3) 22.
Rhe1 Qg5 23. Qxg5 hxg5 24. g4 f4 25. Be4 f3 26. Rd3 f2 27. Rf1 Rf4 28. Bg2 (28.
Bf3 Be8 29. Bxd5 cxd5 30. Rd2 Bc6 31. Rdxf2 Raf8 32. Rxf4 gxf4 33. Kc1 f3 34.
Rf2 d4 35. a3 Be4 36. Kd1 Rc8 37. h3 Rc4 38. g5 Bxc2+ 39. Ke1 Be4 40. Rd2 Rc1+
41. Kf2) 28... Raf8 29. h3 Be8 30. Kc1 Bg6 31. Ra3 (31. Rg3 Nb4 32. b3 Nxa2+
33. Kd2 Rd8+ 34. Ke2 b4 35. Rf3 Nc3+ 36. Kxf2 Bxc2 37. Kg3 Bxb3 38. Rxf4 gxf4+
39. Kh4 Bd5 40. Bxd5 Nxd5 41. Kg5 c5 42. Ra1 b3 43. Rxa5 f3 44. Rxc5 f2 45. Rb5
b2) 31... Be4 32. Bxe4 Rxe4 33. Kd2 a4 34. Rg3 Rxe5 35. b3 axb3 36. axb3 Rf4
37. c3 b4 38. c4 (38. cxb4 Kf7 39. Rd3 Nxb4 40. Re3 Rc5 41. Rc3 Rxc3 42. Kxc3
Nd5+ 43. Kd2 Kf6 44. Ke2 Nc3+ 45. Kd3 Rf3+ 46. Kc2 Ne4 47. b4 Ng3 48. Rxf2
Rxf2+ 49. Kd3 Rf4 50. Kc3 Ne2+ 51. Kb3 e5 52. Ka2 Rxb4 53. Ka3 Rf4) 38... Rd4+
39. Rd3 Rxd3+ 40. Kxd3 Nf4+ 41. Kd4 Re2 42. Kc5 Ng2 43. Kxc6 Ne3 0-1

[Event "Jm KP I 23-24 Rudice-Letovice"]
[Site "?"]
[Date "2024.02.04"]
[Round "42.2"]
[White "Moc, Martin"]
[Black "Bohacek, Milan"]
[Result "0-1"]
[WhiteElo "1938"]
[BlackElo "1998"]
[PlyCount "82"]
[EventDate "2023.10.22"]

1. d4 g6 2. c4 Bg7 3. Nf3 Nf6 4. e3 O-O 5. Bd3 d6 6. O-O c5 7. Nc3 Nc6 8. h3
Nd7 9. d5 Nce5 10. Qe2 Nxf3+ 11. Qxf3 Ne5 12. Qe2 Nxd3 13. Qxd3 a6 14. Bd2 Bd7
15. Rab1 b5 16. cxb5 axb5 17. Nxb5 Bxb5 18. Qxb5 Rb8 19. Qd3 Bxb2 20. Bc3 Bxc3
21. Qxc3 Qd7 22. Rb3 Qa7 23. Rfb1 Rxb3 24. axb3 Rb8 25. Ra1 Qb7 26. Ra3 Qxd5
27. Qa5 Kg7 28. Qc3+ e5 29. Qc4 Qxc4 30. bxc4 Rb1+ 31. Kh2 Kf6 32. Rc3 Ke6 33.
Kg3 f5 34. Kf3 g5 35. e4 h5 36. exf5+ Kxf5 37. g4+ hxg4+ 38. hxg4+ Ke6 39. Ke4
Re1+ 40. Re3 Rd1 41. Rd3 (41. Rc3 Rd4+ 42. Kf3 Rf4+ 43. Ke2 Rxg4 44. Kf1 Rd4
45. Ke2 Re4+ 46. Kf1 Kf5 47. Kg2 Rd4 48. Rf3+ Ke6 49. Rg3 g4 50. Rc3 e4 51. Rc1
Ke5 52. Kf1 Rd3 53. Ke2 Kd4 54. Rh1 Kxc4 55. Rg1) 41... Rc1 0-1